AN INTRODUCTION TO THE STUDY OF HISTORY (Record no. 332270)
[ view plain ]
| 000 -LEADER | |
|---|---|
| fixed length control field | 00575 a2200169 4500 |
| 003 - CONTROL NUMBER IDENTIFIER | |
| control field | NUST |
| 005 - DATE AND TIME OF LATEST TRANSACTION | |
| control field | 20171122103121.0 |
| 008 - FIXED-LENGTH DATA ELEMENTS--GENERAL INFORMATION | |
| fixed length control field | 160518b xxu||||| |||| 00| 0 eng d |
| 040 ## - CATALOGING SOURCE | |
| Transcribing agency | 0 |
| 082 ## - DEWEY DECIMAL CLASSIFICATION NUMBER | |
| Classification number | 907.2 GAL |
| 100 ## - MAIN ENTRY--PERSONAL NAME | |
| Personal name | GALBRAITH,V.H. |
| 9 (RLIN) | 6640 |
| 245 ## - TITLE STATEMENT | |
| Title | AN INTRODUCTION TO THE STUDY OF HISTORY |
| Statement of responsibility, etc. | V.H.GALBRAITH |
| 260 ## - PUBLICATION, DISTRIBUTION, ETC. | |
| Place of publication, distribution, etc. | ISLAMABAD |
| Name of publisher, distributor, etc. | NATIONAL BOOK FOUNDATION ISLAMABAD |
| Date of publication, distribution, etc. | 1963 |
| 300 ## - PHYSICAL DESCRIPTION | |
| Extent | 143p. |
| Other physical details | HB |
| 500 ## - GENERAL NOTE | |
| General note | H.B |
| 942 ## - ADDED ENTRY ELEMENTS (KOHA) | |
| Koha item type | Book |
| Call number prefix | IESE |
| Source of classification or shelving scheme | |
| Withdrawn status | Lost status | Source of classification or shelving scheme | Damaged status | Not for loan | Collection code | Permanent Location | Current Location | Shelving location | Date acquired | Total Checkouts | Full call number | Barcode | Date last seen | Price effective from | Koha item type |
|---|---|---|---|---|---|---|---|---|---|---|---|---|---|---|---|
| Institute of Environmental Science and Engineering (IESE) | Institute of Environmental Science and Engineering (IESE) | General Stacks | 11/22/2017 | 907.2 GAL | IESE-2361 | 11/22/2017 | 11/22/2017 | Book | |||||||
| Institute of Environmental Science and Engineering (IESE) | Institute of Environmental Science and Engineering (IESE) | General Stacks | 11/22/2017 | 907.2 GAL | IESE-2360 | 11/22/2017 | 11/22/2017 | Book |
